000
00254nam a22001217a 4500
008
181003b xxu||||| |||| 00| 0 eng d
041
_a
eng
080
_a
612.39
100
_a
10
101
_a
NUT
245
_a
Party Ideas
_c
Blocker,L
942
_2
udc
_c
BK
999
_c
48831
_d
48831